|
|
|
|
| LEADER |
01196pam a22003258a 4500 |
| 001 |
00034870 |
| 005 |
20171026081025.0 |
| 008 |
161102s2013 ||||||Viesd |
| 020 |
# |
# |
|c 10000
|
| 041 |
0 |
# |
|a Vie
|
| 082 |
1 |
4 |
|b V115B
|a 347.597
|
| 245 |
0 |
0 |
|a Văn bản quản lý nhà nước những vấn đề lý luận và kĩ thuật soạn thảo
|c Triệu Văn Cường; Nguyễn Cảnh Đương,...[và những người khác]
|
| 260 |
# |
# |
|a Hà Nội
|b Giáo dục
|c 2013
|
| 300 |
# |
# |
|a 507 tr.
|c 24 cm.
|
| 653 |
# |
# |
|a Hệ thống
|a hướng dẫn
|
| 653 |
# |
# |
|a Soạn thảo
|a Văn bản quản lý nhà nước
|
| 700 |
1 |
# |
|a Lê, Văn In
|
| 700 |
1 |
# |
|a Nguyễn, Cảnh Đương
|e Đồng chủ biên
|
| 700 |
1 |
# |
|a Triệu, Văn Cường
|e Chủ biên
|
| 710 |
|
|
|a Nguyễn, Mạnh Cường
|
| 852 |
# |
# |
|b Kho mượn
|j KM.0019658, KM.0020065
|
| 852 |
# |
# |
|b Kho đọc
|j KD.0018758
|
| 852 |
# |
# |
|j KD.0018758
|j KM.0019658
|j KM.0020065
|
| 910 |
|
|
|d 02/11/2016
|
| 980 |
# |
# |
|a Trung tâm Học liệu Lê Vũ Hùng, Trường Đại học Đồng Tháp
|